Casa, chacra y dinero : (Registro nro. 28602)
[ vista simple ]
| 000 -LEADER | |
|---|---|
| fixed length control field | 01879cam a2200445 i 4500 |
| 001 - CONTROL NUMBER | |
| control field | 28602 |
| 003 - CONTROL NUMBER IDENTIFIER | |
| control field | Mx-PuUPA |
| 005 - DATE AND TIME OF LATEST TRANSACTION | |
| control field | 20251016135655.0 |
| 008 - FIXED-LENGTH DATA ELEMENTS--GENERAL INFORMATION | |
| fixed length control field | 140415s2004 pe ab gr 000 0 spa d |
| 017 ## - COPYRIGHT OR LEGAL DEPOSIT NUMBER | |
| Copyright or legal deposit number | 1501052004-9105 |
| 020 ## - INTERNATIONAL STANDARD BOOK NUMBER | |
| International Standard Book Number | 9972511162 |
| 040 ## - CATALOGING SOURCE | |
| Transcribing agency | Mx-PuUPA |
| Original cataloging agency | Mx-PuUPA |
| Language of cataloging | spa |
| Modifying agency | Mx-PuUPA |
| Description conventions | rda |
| 041 1# - LANGUAGE CODE | |
| Language code of text/sound track or separate title | spa |
| Language code of original | eng |
| 043 ## - GEOGRAPHIC AREA CODE | |
| Geographic area code | s-pe--- |
| 043 ## - GEOGRAPHIC AREA CODE | |
| Geographic area code | cl----- |
| 100 1# - MAIN ENTRY--PERSONAL NAME | |
| Personal name | Mayer, Enrique, |
| Dates associated with a name | 1944- |
| 9 (RLIN) | 17579 |
| Relator term | autor |
| 240 14 - UNIFORM TITLE | |
| Uniform title | The articulated peasant : Household economies in the Andes. |
| Language of a work | Español |
| 245 10 - TITLE STATEMENT | |
| Title | Casa, chacra y dinero : |
| Remainder of title | economías domésticas y ecología en los Andes / |
| Statement of responsibility, etc. | Enrique Mayer ; traducción de Javier Flores Espinoza |
| 250 ## - EDITION STATEMENT | |
| Edition statement | Primera edición / |
| Remainder of edition statement | diciembre |
| 264 #1 - PRODUCTION, PUBLICATION, DISTRIBUTION, MANUFACTURE, AND COPYRIGHT NOTICE | |
| Place of production, publication, distribution, manufacture | Lima, Perú : |
| Name of producer, publisher, distributor, manufacturer | IEP Ediciones, |
| Date of production, publication, distribution, manufacture, or copyright notice | 2004 |
| 300 ## - PHYSICAL DESCRIPTION | |
| Extent | 412 páginas : |
| Other physical details | ilustraciones, mapas, diagramas ; |
| Dimensions | 23 cm |
| 336 ## - CONTENT TYPE | |
| Fuente | rdacontent |
| Content type term | texto |
| Content type code | txt |
| 336 ## - CONTENT TYPE | |
| Fuente | rdacontent |
| Content type term | imagen fija |
| Content type code | sti |
| 337 ## - MEDIA TYPE | |
| Source | rdamedia |
| Media type term | sin medio |
| Media type code | n |
| 338 ## - CARRIER TYPE | |
| Source | rdacarrier |
| Carrier type term | volumen |
| Carrier type code | nc |
| 490 0# - SERIES STATEMENT | |
| Series statement | Estudios de la Sociedad Rural ; |
| Volume/sequential designation | 28 |
| 650 #7 - SUBJECT ADDED ENTRY--TOPICAL TERM | |
| Source of heading or term | armarc |
| Topical term or geographic name entry element | Historia económica |
| Geographic subdivision | Perú |
| General subdivision | Historia |
| 650 #7 - SUBJECT ADDED ENTRY--TOPICAL TERM | |
| Source of heading or term | armarc |
| Topical term or geographic name entry element | Economía doméstica |
| Geographic subdivision | Perú |
| General subdivision | Historia |
| 650 #7 - SUBJECT ADDED ENTRY--TOPICAL TERM | |
| Source of heading or term | armarc |
| Topical term or geographic name entry element | Encomiendas (Latinoamérica) |
| General subdivision | Historia |
| 650 #7 - SUBJECT ADDED ENTRY--TOPICAL TERM | |
| Source of heading or term | armarc |
| Topical term or geographic name entry element | Economía doméstica rural |
| Geographic subdivision | Perú |
| General subdivision | Historia |
| 650 #7 - SUBJECT ADDED ENTRY--TOPICAL TERM | |
| Source of heading or term | armarc |
| Topical term or geographic name entry element | Agricultura |
| General subdivision | Aspectos económicos |
| Geographic subdivision | Perú |
| 650 #7 - SUBJECT ADDED ENTRY--TOPICAL TERM | |
| Source of heading or term | armarc |
| Topical term or geographic name entry element | Indígenas de Sudamérica |
| Geographic subdivision | Perú |
| General subdivision | Condiciones económicas |
| 650 #7 - SUBJECT ADDED ENTRY--TOPICAL TERM | |
| Source of heading or term | armarc |
| Topical term or geographic name entry element | Uso de la tierra rural |
| Geographic subdivision | Perú |
| General subdivision | Historia |
| 700 1# - ADDED ENTRY--PERSONAL NAME | |
| Personal name | Flores Espinoza, Javier, |
| Relator term | traductor |
| 765 0# - ORIGINAL LANGUAGE ENTRY | |
| Main entry heading | Mayer, Enrique, 1944- |
| Place, publisher, and date of publication | U.S.A. : Perseus Books, 2002 |
| Title | The articulated peasant : Household economies in the Andes. |
| 942 ## - ADDED ENTRY ELEMENTS (KOHA) | |
| Source of classification or shelving scheme | Dewey Decimal Classification |
| Koha item type | Libro |
| Classification part | 330.98506 |
| Item part | M4618 |
| Withdrawn status | Lost status | Source of classification or shelving scheme | Damaged status | Not for loan | Collection code | Home library | Current library | Shelving location | Date acquired | Source of acquisition | Total Checkouts | Full call number | Barcode | Date last seen | Price effective from | Koha item type |
|---|---|---|---|---|---|---|---|---|---|---|---|---|---|---|---|---|
| Dewey Decimal Classification | General | Biblioteca Karol Wojtyla | Biblioteca Karol Wojtyla | Sala general | 03/12/2013 | Donación | 330.98506 M4618 2004 | 63094 | 05/01/2026 | 03/12/2013 | Libro |